Podział administracyjny Hiszpanii - Statystyki

Ogólne statystyki
  • Ten quiz został rozwiązany 19 razy
  • Średni wynik to 8 z 16
Statystyki odpowiedzi
Nazwa regionu % Poprawnych
Katalonia
100%
Galicja
82%
Kraj Basków
82%
Madryt
82%
Walencja
82%
Andaluzja
73%
Aragonia
64%
Baleary
55%
Asturia
45%
Kastylia-León
45%
Murcja
45%
Kastylia-La Mancha
27%
Kantabria
18%
Nawarra
18%
Estremadura
9%
La Rioja
9%
Nie znaleziono quizów pasujących do podanych kryteriów
Rozkład punktacji
Procent ludzi z każdym wynikiem
Percentyl według liczby udzielonych odpowiedzi
Twoja historia wyników
Nie rozwiązałeś tego quizu